1289 1325 1673 1591 1091 1685 1776 1276 1464 1305 1380 1332 1985 1348 1486 1089 1967 1078 1388 1920 1584 1295 1707 1406 1700 1887 1331 1196 1003 1786 1954 1264 1291 1560 1011 1159 1083 1954 1025 1963 1071 1807 1066 1720 1546 1559 1381 1420 1165 1352 1459 1772 1965 1333 1085 1716 1144 1561 1524 1281 1786 1569 1664 1840 1969 1005 1702 1970 1502 1657 1599 1745 1894 1955 1585 1487 1075 1538 1044 1568 1569 1439 1350 1938 1712 1439 1967 1053 1489 1278 1242 1446 1821 1058 1362 1878 1200 1202 1726 BCNSPRNW ULIB Ver.6.0+V

เปลี่ยนเป็นภาษาไทย

Change to English
 แสดงรายละเอียดบรรณานุกรม
  กลับหน้าหลัก

Brief Record : Get Marc (ISO 2709) : E-mail record : QR code < ปิดหน้าต่าง
LEADER : 00000nam 2200000uu 4500
001    13399112400
003     ULIB
008    110810s2547||||th 000 0 tha d
020    974924737X
040    blc
050  4 HF5734.5^bช431ก 2547
100 0  ชัยวัฒน์ ถิระพันธุ์
245 10 การประชุมอย่างสร้างสรรค์ /^cชัยวัฒน์ ถิระพันธุ์ และปาริชาต สถาปิตานนท์ สโรบล
250    พิมพ์ครั้งที่ 3
260    กรุงเทพฯ :^bสถาบันการเรียนรู้และพัฒนาประชาสังคม,^c2547
300    143 หน้า :^bภาพประกอบ,^c21 ซม.
650  4 การประชุม
700 0  ปาริชาต สถาปิตานนท์
710 2  สถาบันการเรียนรู้และพัฒนาประชาสังคม
945    ^p125^l0^i016932
945    ^p125^l0^i016933
995    ทศพร
999 ^a ทศพร
รายการนี้ยังไม่มีแท็ก
คุณยังไม่ได้ล็อกอิน คุณสามารถมีกิจกรรมร่วมกับเว็บไซต์ได้ แต่ต้องล็อกอินก่อน ::
  ล็อกอิน

รายการสื่อสารสนเทศ

ลำดับที่ ประเภท เลขเรียก/บาร์โค้ด สถานที่ สถานะ
- ไม่พบข้อมูล -

รายการใกล้เคียง
    หัวเรื่อง [การประชุม]

BibComment


ยังไม่เคยถูกคอมเมนท์

คอมเมนท์ทรัพยากรรายการนี้
  คอมเมนท์: การประชุมอย่างสร้..


 Copyright 2026. Bcnsprnw @Library